| 000 | 00818nam a2200229 a 4500 | ||
|---|---|---|---|
| 005 | 20210223125924.0 | ||
| 008 | 060511s1999 mx r 000 0 spa d | ||
| 020 | _a9706650180 | ||
| 035 | _aUPN01000144399 | ||
| 049 | _aCG | ||
| 050 | 4 |
_aHJ9923 M6 _bA3.2 1999 |
|
| 100 | 1 | _aAdam Adam, Alfredo | |
| 245 | 1 | 3 |
_aLa auditoría interna en la administración pública federal / _cAlfredo Adam Adam, Guillermo Becerril Lozada. |
| 250 | _a2a ed. actualizada | ||
| 260 |
_aMéxico : _bInstituto Mexicano de Contadores Públicos, _c1999. |
||
| 300 |
_a348 p. : _bfigs., cuadros |
||
| 586 | _aMención honorífica Premio Nacional 1979 | ||
| 650 | 4 |
_aFINANZAS PUBLICAS - _zMEXICO - _xCONTABILIDAD _910186 |
|
| 650 | 4 |
_aAUDITORIA INTERNA - _zMEXICO _910188 |
|
| 700 | 1 |
_aBecerril Lozada, Guillermo, _ecoaut. |
|
| 905 | _aLibro | ||
| 999 |
_c116546 _d116546 |
||